| 000 | 00490nam a22001697a 4500 | ||
|---|---|---|---|
| 005 | 20250225190848.0 | ||
| 008 | 250225b |||||||| |||| 00| 0 eng d | ||
| 020 | _a9780136154631 | ||
| 050 |
_aHD66 _b.T478 THO |
||
| 100 | _aThompson Leigh L. | ||
| 245 |
_aMaking the Team: _bA guide for Managers/ _cLeigh L. Thompson |
||
| 250 | _a3rd Ed. | ||
| 260 |
_aNew Jersey _bPearson Education, Inc _c2008 |
||
| 300 |
_axx. 476p. _bill. _c21 cm |
||
| 650 | _2Management | ||
| 942 |
_2lcc _cBK _e3rd Ed. _n0 |
||
| 999 |
_c4364 _d4364 |
||